Berühmte Sätze - Wer sagte das? - Statistiken

Allgemein
  • Dieses Quiz wurde 665 mal gespielt
  • Das Durchschnittsergebnis liegt bei 9 aus 15
Antwortstatistiken
Frage Antwort % Korrekt
"Ich bin ein Berliner" John F. Kennedy
93%
"I have a dream" (Ich habe einen Traum) Martin Luther King
93%
"Veni vidi vici" (Ich kam, ich sah, ich siegte" Julius Cäsar
89%
"Yes, we can" (Ja, wir könnnen (das)) Barack Obama
86%
"Mr. Gorbatschow, tear down this wall" (Herr Gorbatschow, reißen Sie die Mauer nieder) Ronald Reagan
71%
"Niemand hat die Absicht, eine Mauer zu erbauen" Walter Ulbricht
68%
"Wer kämpft, kann verlieren. Wer nicht kämpft, hat schon verloren" Bertold Brecht
57%
"Zuerst ignorieren sie dich, dann lachen sie über dich, dann bekämpfen sie dich und dann gewinnst du" Mahatma Gandhi
57%
"Bildung ist die mächtigste Waffe, um die Welt zu verändern" Nelson Mandela
57%
"Cogito, ergo sum" (Ich denke, also bin ich) René Descartes
57%
"Seien wir realistisch, versuchen wir das Unmögliche" Che Guevara
50%
"Der Ball ist rund und ein Spiel dauert 90 Minuten" Sepp Herberger
46%
"Gib jedem Tag die Chance, der schönste deines Lebens zu werden" Mark Twain
39%
"Im Übrigen bin ich der Meinung, dass Karthago zerstört werden muss" Cato der Ältere
36%
"Ich bin, wie ich bin... Die einen kennen mich, die anderen können mich" Konrad Adenauer
32%
Keine übereinstimmenden Quizze gefunden
Verteilung der Resultate
Anzahl Personen mit jedem Resultat
Perzentil nach korrekt beantworteten Fragen
Ihre Resultats-Entwicklung
Sie haben dieses Quiz noch nicht gespielt